| 000 | 00832nam a2200277 a 4500 | ||
|---|---|---|---|
| 001 | 76878 | ||
| 003 | BD-RjUL | ||
| 005 | 20211209082911.0 | ||
| 008 | 200202s1938 mau 000 0 eng | ||
| 035 | _a(BD-RjUL)77102 | ||
| 035 | _a(OCoLC)1706434 | ||
| 040 |
_aDLC _cFM _dOCoLC _dDLC _dBD-RjUL _beng |
||
| 041 | _aeng | ||
| 082 |
_223 _a813.5 _bDID 1938 |
||
| 100 | 1 |
_aDiver, Maud _d1867-1945. _9238620 |
|
| 245 | 1 | 4 |
_aThe dream prevails : _ba story of India / _cMaud Diver |
| 260 |
_aBoston, _bHoughton Mifflin Company, _c1938. |
||
| 300 |
_a6 p. l., [3]-431 p.; _c22 cm. |
||
| 500 | _aAt head of title: By Maud Diver. | ||
| 650 |
_aEnglish _xFiction. _9238621 |
||
| 650 |
_aAmerican _xFiction. _9238622 |
||
| 651 | 0 |
_aIndia _xFiction. _9238623 |
|
| 942 |
_2ddc _cBK |
||
| 999 |
_c76878 _d76878 |
||